000 002620000a22000970004500
100 1 _aGevirtz, Stanley (1929- )
245 1 0 _aAsher in the blessing of Jacob
300 _aVol. 37, Num. 2 (Abril, 1987), Páginas 154-163
773 0 _tVetus Testamentum
942 _cANA
999 _c57309
_d57309